| 000 | 00472nam a22001697a 4500 | ||
|---|---|---|---|
| 003 | SGT | ||
| 020 | _a9780199457069 | ||
| 082 |
_a428.34 _bKUM |
||
| 100 | _aKUMAR, SANJAY | ||
| 245 | _aCOMMUNICATION SKILLS | ||
| 250 | _a2ND | ||
| 260 |
_aNEW DELHI _bOXFORD _c2015 |
||
| 300 | _a600 | ||
| 650 | _aPROFESSIONAL COMMUNICATION (ENGLISH) | ||
| 653 | _aDEVELOPING ENGLISH LANGUAGE SKILLS, LISTENING SKILLS, SPEAKING SKILLS, READING SKILLS,WRITING SKILLS | ||
| 942 |
_2ddc _cBK _018 |
||
| 999 |
_c8244 _d8244 |
||